[Event "Masters Tournament (MTO)"]
[Site "Biel, CH"]
[Date "2025.07.19"]
[Round "6"]
[White "Aryan Goyal"]
[Black "Maria, Lia-Alexandra"]
[Result "1/2-1/2"]
[Board "39"]
[WhiteFideId "366108825"]
[BlackFideId "1248952"]
[BlackTitle "WFM"]
[WhiteElo "1906"]
[BlackElo "2120"]
[WhiteTeam "IND"]
[BlackTeam "ROU"]
[WhiteClock "0:00:27"]
[BlackClock "0:01:08"]
[Variant "Standard"]

1. Nf3 {[%clk 1:40:39]}  c5 {[%clk 1:40:47]} 2. c4 {[%clk 1:40:20]}  Nf6 {[%clk 1:40:49]} 3. g3 {[%clk 1:40:24]}  Nc6 {[%clk 1:40:02]} 4. Bg2 {[%clk 1:40:03]}  d5 {[%clk 1:40:49]} 5. cxd5 {[%clk 1:39:19]}  Nxd5 {[%clk 1:41:12]} 6. Nc3 {[%clk 1:38:51]}  e5 {[%clk 1:40:49]} 7. Nxe5 {[%clk 1:36:49]}  Nxe5 {[%clk 1:39:21]} 8. Nxd5 {[%clk 1:35:09]}  Bd6 {[%clk 1:36:15]} 9. d3 {[%clk 1:32:15]}  h5 {[%clk 1:35:14]} 10. Bd2 {[%clk 1:21:02]}  h4 {[%clk 1:34:47]} 11. Qc2 {[%clk 1:18:14]}  Rb8 {[%clk 1:32:21]} 12. Bc3 {[%clk 1:13:54]}  O-O {[%clk 1:27:45]} 13. f4 {[%clk 1:09:29]}  Ng4 {[%clk 1:23:23]} 14. h3 {[%clk 1:07:09]}  Nh6 {[%clk 1:23:06]} 15. g4 {[%clk 0:58:29]}  Be6 {[%clk 1:23:08]} 16. Bd2 {[%clk 0:57:57]}  Re8 {[%clk 1:08:25]} 17. Nc3 {[%clk 0:55:49]}  f5 {[%clk 1:07:16]} 18. g5 {[%clk 0:51:59]}  Nf7 {[%clk 1:05:58]} 19. O-O {[%clk 0:45:24]}  b5 {[%clk 1:00:26]} 20. Bc6 {[%clk 0:39:31]}  b4 {[%clk 0:58:32]} 21. Nd1 {[%clk 0:28:37]}  Rf8 {[%clk 0:43:01]} 22. Ne3 {[%clk 0:23:15]}  Bc7 {[%clk 0:27:14]} 23. Ba4 {[%clk 0:22:07]}  Qd4 {[%clk 0:22:31]} 24. g6 {[%clk 0:16:04]}  Nd8 {[%clk 0:19:05]} 25. Bb3 {[%clk 0:14:49]}  Bxf4 {[%clk 0:19:44]} 26. Rf3 {[%clk 0:14:39]}  Rf6 {[%clk 0:18:33]} 27. Raf1 {[%clk 0:14:43]}  Rxg6+ {[%clk 0:17:27]} 28. Kh1 {[%clk 0:14:28]}  Bc7 {[%clk 0:14:37]} 29. Nxf5 {[%clk 0:13:42]}  Qd7 {[%clk 0:10:34]} 30. Qxc5 {[%clk 0:09:54]}  Kh7 {[%clk 0:05:18]} 31. Nxh4 {[%clk 0:10:55]}  Rb5 {[%clk 0:05:15]} 32. Qc2 {[%clk 0:08:05]}  Bxb3 {[%clk 0:04:32]} 33. Qxb3 {[%clk 0:07:19]}  Rh5 {[%clk 0:03:26]} 34. Be1 {[%clk 0:02:51]}  Qd6 {[%clk 0:01:15]} 35. Rf4 {[%clk 0:01:03]}  Qd7 {[%clk 0:01:10]} 36. R4f3 {[%clk 0:01:06]}  Qd6 {[%clk 0:00:38]} 37. Rf4 {[%clk 0:01:05]}  Qd7 {[%clk 0:00:44]} 38. R4f3 {[%clk 0:00:37]}  Qd6 {[%clk 0:01:08]} 39. Rf4 {[%clk 0:00:21]}  Qd7 {[%clk 0:01:07]} 40. d4 {[%clk 0:00:19]}  Bxf4 {[%clk 0:01:07]} 41. Rxf4 {[%clk 0:00:11]}  Rgh6 {[%clk 0:01:08]} 42. Qd3+ {[%clk 0:00:29]}  Rg6 {[%clk 0:01:01]} 43. Qb3 {[%clk 0:00:29]}  Qc6+ {[%clk 0:00:41]} 44. d5 {[%clk 0:00:27]}  Qc1 {[%clk 0:01:08]} 1/2-1/2

[Event "Masters Tournament (MTO)"]
[Site "Biel, CH"]
[Date "2025.07.19"]
[Round "6"]
[White "Leonov, Leonid"]
[Black "Hottinger, Simon"]
[Result "0-1"]
[Board "40"]
[WhiteFideId "1698052"]
[BlackFideId "1350552"]
[WhiteElo "2089"]
[BlackElo "1913"]
[WhiteTeam "AUT"]
[BlackTeam "SUI"]
[WhiteClock "0:50:08"]
[BlackClock "0:13:24"]
[Variant "Standard"]

1. Nf3 {[%clk 1:36:33]}  Nf6 {[%clk 1:40:52]} 2. g3 {[%clk 1:36:50]}  g6 {[%clk 1:41:16]} 3. Bg2 {[%clk 1:37:14]}  Bg7 {[%clk 1:41:41]} 4. O-O {[%clk 1:37:38]}  O-O {[%clk 1:42:05]} 5. d4 {[%clk 1:38:01]}  d6 {[%clk 1:42:15]} 6. Re1 {[%clk 1:37:52]}  Nbd7 {[%clk 1:40:26]} 7. e4 {[%clk 1:38:17]}  e5 {[%clk 1:40:49]} 8. Nc3 {[%clk 1:38:41]}  c6 {[%clk 1:39:11]} 9. a4 {[%clk 1:39:08]}  a5 {[%clk 1:36:49]} 10. h3 {[%clk 1:38:51]}  Re8 {[%clk 1:26:20]} 11. Be3 {[%clk 1:35:53]}  Qc7 {[%clk 1:21:30]} 12. Qd2 {[%clk 1:29:56]}  exd4 {[%clk 1:08:18]} 13. Bxd4 {[%clk 1:30:18]}  Ne5 {[%clk 1:08:41]} 14. Nh2 {[%clk 1:28:17]}  Be6 {[%clk 0:46:36]} 15. b3 {[%clk 1:28:22]}  Rad8 {[%clk 0:38:52]} 16. f4 {[%clk 1:26:56]}  Ned7 {[%clk 0:38:56]} 17. g4 {[%clk 1:21:10]}  Nc5 {[%clk 0:36:35]} 18. Qf2 {[%clk 1:20:06]}  b6 {[%clk 0:30:36]} 19. Qh4 {[%clk 1:12:23]}  Qe7 {[%clk 0:29:57]} 20. Nf3 {[%clk 1:08:10]}  Bc8 {[%clk 0:25:01]} 21. g5 {[%clk 0:56:50]}  Nfxe4 {[%clk 0:16:56]} 22. Bxg7 {[%clk 1:01:34]}  Kxg7 {[%clk 0:17:24]} 23. Nxe4 {[%clk 1:01:55]}  Nxe4 {[%clk 0:17:45]} 24. Nd4 {[%clk 1:02:19]}  d5 {[%clk 0:17:52]} 25. Kh1 {[%clk 0:58:52]}  Qc5 {[%clk 0:14:50]} 26. Rad1 {[%clk 0:58:42]}  Nd6 {[%clk 0:13:13]} 27. Re5 {[%clk 0:52:32]}  Nf5 {[%clk 0:12:25]} 28. Nxf5+ {[%clk 0:51:01]}  Bxf5 {[%clk 0:12:53]} 29. Qh6+ {[%clk 0:51:18]}  Kg8 {[%clk 0:13:22]} 30. Rde1 {[%clk 0:50:02]}  Rxe5 {[%clk 0:13:32]} 31. Rxe5 {[%clk 0:50:13]}  Qxc2 {[%clk 0:13:39]} 32. Qh4 {[%clk 0:50:20]}  Be4 {[%clk 0:12:18]} 33. Bxe4 {[%clk 0:50:08]}  dxe4 {[%clk 0:13:24]} 0-1

[Event "Masters Tournament (MTO)"]
[Site "Biel, CH"]
[Date "2025.07.19"]
[Round "6"]
[White "Lilliehook, Victor"]
[Black "Gafner, Lancelot"]
[Result "1-0"]
[Board "41"]
[WhiteFideId "1752103"]
[BlackFideId "1345818"]
[WhiteElo "2074"]
[BlackElo "1901"]
[WhiteTeam "SWE"]
[BlackTeam "SUI"]
[WhiteClock "1:21:36"]
[BlackClock "0:54:51"]
[Variant "Standard"]

1. Nf3 {[%clk 1:40:58]}  d5 {[%clk 1:33:49]} 2. g3 {[%clk 1:41:19]}  Nf6 {[%clk 1:33:59]} 3. Bg2 {[%clk 1:41:34]}  e6 {[%clk 1:34:22]} 4. O-O {[%clk 1:41:38]}  Be7 {[%clk 1:34:47]} 5. d3 {[%clk 1:42:01]}  O-O {[%clk 1:35:11]} 6. Nbd2 {[%clk 1:42:22]}  c5 {[%clk 1:35:28]} 7. e4 {[%clk 1:42:44]}  Nc6 {[%clk 1:35:33]} 8. Re1 {[%clk 1:43:03]}  Qc7 {[%clk 1:35:42]} 9. e5 {[%clk 1:43:21]}  Nd7 {[%clk 1:36:00]} 10. Qe2 {[%clk 1:43:44]}  b5 {[%clk 1:35:26]} 11. Nf1 {[%clk 1:44:03]}  a5 {[%clk 1:34:49]} 12. Bf4 {[%clk 1:43:34]}  Ba6 {[%clk 1:29:35]} 13. h4 {[%clk 1:42:53]}  b4 {[%clk 1:28:35]} 14. h5 {[%clk 1:41:28]}  Rfc8 {[%clk 1:19:34]} 15. h6 {[%clk 1:41:26]}  g6 {[%clk 1:18:57]} 16. Ne3 {[%clk 1:19:58]}  Nd4 {[%clk 0:59:55]} 17. Nxd4 {[%clk 1:28:46]}  cxd4 {[%clk 1:00:09]} 18. Nxd5 {[%clk 1:28:58]}  exd5 {[%clk 0:58:16]} 19. e6 {[%clk 1:29:09]}  Bd6 {[%clk 0:57:36]} 20. exf7+ {[%clk 1:24:44]}  Kh8 {[%clk 0:57:16]} 21. Qe8+ {[%clk 1:24:39]}  Nf8 {[%clk 0:56:00]} 22. Bg5 {[%clk 1:24:24]}  Be5 {[%clk 0:54:48]} 23. Rxe5 {[%clk 1:21:23]}  Qd6 {[%clk 0:55:07]} 24. Re6 {[%clk 1:20:04]}  Rxe8 {[%clk 0:54:51]} 25. Bf6# {[%clk 1:21:36]} 1-0

[Event "Masters Tournament (MTO)"]
[Site "Biel, CH"]
[Date "2025.07.19"]
[Round "6"]
[White "Jordan, Christina"]
[Black "Haugner, Jan"]
[Result "0-1"]
[Board "42"]
[WhiteFideId "1347977"]
[BlackFideId "24655244"]
[WhiteElo "1943"]
[BlackElo "2066"]
[WhiteTeam "SUI"]
[BlackTeam "GER"]
[WhiteClock "0:26:22"]
[BlackClock "0:09:57"]
[Variant "Standard"]

1. e4 {[%clk 1:40:58]}  c5 {[%clk 1:40:57]} 2. Nf3 {[%clk 1:41:17]}  d6 {[%clk 1:41:23]} 3. d4 {[%clk 1:41:41]}  cxd4 {[%clk 1:41:49]} 4. Nxd4 {[%clk 1:42:04]}  Nf6 {[%clk 1:42:15]} 5. Nc3 {[%clk 1:42:22]}  Bd7 {[%clk 1:42:41]} 6. f3 {[%clk 1:42:39]}  e5 {[%clk 1:43:06]} 7. Nb3 {[%clk 1:43:01]}  Be7 {[%clk 1:43:34]} 8. Be3 {[%clk 1:43:14]}  O-O {[%clk 1:43:58]} 9. Qd2 {[%clk 1:43:30]}  a5 {[%clk 1:44:23]} 10. a4 {[%clk 1:43:45]}  Na6 {[%clk 1:44:49]} 11. O-O-O {[%clk 1:43:51]}  Qb8 {[%clk 1:45:15]} 12. g4 {[%clk 1:40:08]}  Rc8 {[%clk 1:42:58]} 13. g5 {[%clk 1:33:35]}  Ne8 {[%clk 1:43:09]} 14. Bb5 {[%clk 1:31:36]}  Bxb5 {[%clk 1:41:19]} 15. Nxb5 {[%clk 1:31:26]}  Nac7 {[%clk 1:05:05]} 16. Nc3 {[%clk 1:05:26]}  b5 {[%clk 1:27:57]} 17. h4 {[%clk 0:32:09]}  bxa4 {[%clk 0:51:20]} 18. Nxa4 {[%clk 1:00:53]}  Ra6 {[%clk 0:51:40]} 19. h5 {[%clk 0:57:29]}  Ne6 {[%clk 0:44:43]} 20. Kb1 {[%clk 0:53:12]}  Rac6 {[%clk 0:40:45]} 21. Rc1 {[%clk 0:47:15]}  Qb5 {[%clk 0:34:34]} 22. Nc3 {[%clk 0:42:47]}  Rxc3 {[%clk 0:33:04]} 23. bxc3 {[%clk 0:43:03]}  a4 {[%clk 0:33:22]} 24. Ka2 {[%clk 0:40:58]}  Qc4 {[%clk 0:28:34]} 25. Rhe1 {[%clk 0:35:16]}  N8c7 {[%clk 0:26:38]} 26. g6 {[%clk 0:33:37]}  Rb8 {[%clk 0:20:03]} 27. Rb1 {[%clk 0:31:26]}  Nb5 {[%clk 0:19:57]} 28. Kb2 {[%clk 0:31:01]}  d5 {[%clk 0:14:44]} 29. gxf7+ {[%clk 0:28:23]}  Kf8 {[%clk 0:14:45]} 30. Ra1 {[%clk 0:27:13]}  d4 {[%clk 0:09:56]} 31. cxd4 {[%clk 0:27:12]}  Nbxd4 {[%clk 0:10:05]} 32. Bxd4 {[%clk 0:26:22]}  Nxd4 {[%clk 0:09:57]} 0-1

[Event "Masters Tournament (MTO)"]
[Site "Biel, CH"]
[Date "2025.07.19"]
[Round "6"]
[White "Glasschroeder, Maximilian"]
[Black "Misiano, Franco"]
[Result "1/2-1/2"]
[Board "43"]
[WhiteFideId "34652590"]
[BlackFideId "804746"]
[BlackTitle "FM"]
[WhiteElo "1886"]
[BlackElo "2108"]
[WhiteTeam "GER"]
[BlackTeam "ITA"]
[WhiteClock "0:11:50"]
[BlackClock "1:12:17"]
[Variant "Standard"]

1. e4 {[%clk 1:40:55]}  e6 {[%clk 1:40:56]} 2. d4 {[%clk 1:41:10]}  d5 {[%clk 1:41:22]} 3. Bd3 {[%clk 1:41:14]}  dxe4 {[%clk 1:40:36]} 4. Bxe4 {[%clk 1:41:33]}  Nf6 {[%clk 1:41:02]} 5. Bf3 {[%clk 1:41:53]}  c5 {[%clk 1:40:56]} 6. Ne2 {[%clk 1:41:59]}  Nc6 {[%clk 1:40:14]} 7. Be3 {[%clk 1:41:52]}  cxd4 {[%clk 1:40:16]} 8. Nxd4 {[%clk 1:42:01]}  Ne5 {[%clk 1:40:36]} 9. Nc3 {[%clk 1:41:15]}  Bb4 {[%clk 1:39:43]} 10. Ndb5 {[%clk 1:34:38]}  Nxf3+ {[%clk 1:38:54]} 11. Qxf3 {[%clk 1:31:43]}  Qa5 {[%clk 1:30:59]} 12. O-O {[%clk 1:18:11]}  O-O {[%clk 1:30:40]} 13. Rfd1 {[%clk 1:03:57]}  Bxc3 {[%clk 1:29:09]} 14. Nxc3 {[%clk 1:02:18]}  a6 {[%clk 1:23:06]} 15. Bf4 {[%clk 0:49:48]}  Qh5 {[%clk 1:18:31]} 16. Qxh5 {[%clk 0:36:13]}  Nxh5 {[%clk 1:18:52]} 17. Bd6 {[%clk 0:36:29]}  Re8 {[%clk 1:18:43]} 18. Na4 {[%clk 0:32:40]}  b5 {[%clk 1:18:38]} 19. Nb6 {[%clk 0:32:41]}  Ra7 {[%clk 1:19:00]} 20. a4 {[%clk 0:30:31]}  bxa4 {[%clk 1:18:11]} 21. Rxa4 {[%clk 0:25:13]}  h6 {[%clk 1:14:39]} 22. Nxc8 {[%clk 0:18:50]}  Rxc8 {[%clk 1:14:59]} 23. c4 {[%clk 0:18:09]}  Nf6 {[%clk 1:14:54]} 24. c5 {[%clk 0:17:25]}  Rb7 {[%clk 1:14:15]} 25. Rd2 {[%clk 0:14:53]}  Nd7 {[%clk 1:13:19]} 26. Rc4 {[%clk 0:14:05]}  Rc6 {[%clk 1:13:31]} 27. Kf1 {[%clk 0:12:54]}  Rb5 {[%clk 1:13:17]} 28. Rdc2 {[%clk 0:12:37]}  f6 {[%clk 1:12:23]} 29. Ke2 {[%clk 0:11:49]}  Kf7 {[%clk 1:12:04]} 30. Kd3 {[%clk 0:11:50]}  e5 {[%clk 1:12:17]} 1/2-1/2

[Event "Masters Tournament (MTO)"]
[Site "Biel, CH"]
[Date "2025.07.19"]
[Round "6"]
[White "Malli, Shiivesh Sunil"]
[Black "Perreard, Nicolas"]
[Result "0-1"]
[Board "44"]
[WhiteFideId "1340409"]
[BlackFideId "1330861"]
[WhiteElo "1969"]
[BlackElo "2100"]
[WhiteTeam "SUI"]
[BlackTeam "SUI"]
[WhiteClock "0:03:53"]
[BlackClock "1:12:39"]
[Variant "Standard"]

1. c4 {[%clk 1:40:58]}  e6 {[%clk 1:40:45]} 2. Nc3 {[%clk 1:41:20]}  d5 {[%clk 1:41:08]} 3. cxd5 {[%clk 1:41:44]}  exd5 {[%clk 1:41:35]} 4. d4 {[%clk 1:42:01]}  Ne7 {[%clk 1:41:34]} 5. Nf3 {[%clk 1:42:25]}  c6 {[%clk 1:40:06]} 6. Bg5 {[%clk 1:38:08]}  h6 {[%clk 1:38:28]} 7. Bh4 {[%clk 1:36:12]}  Bf5 {[%clk 1:35:59]} 8. e3 {[%clk 1:38:12]}  Nd7 {[%clk 1:35:27]} 9. Bd3 {[%clk 1:36:23]}  g5 {[%clk 1:26:31]} 10. Bxf5 {[%clk 1:33:30]}  Nxf5 {[%clk 1:28:56]} 11. Bg3 {[%clk 1:30:44]}  Nf6 {[%clk 1:27:46]} 12. Be5 {[%clk 1:30:05]}  Bg7 {[%clk 1:27:05]} 13. Qc2 {[%clk 1:32:18]}  Nd6 {[%clk 1:27:17]} 14. Nd2 {[%clk 1:29:36]}  Rc8 {[%clk 1:18:40]} 15. Rc1 {[%clk 1:29:28]}  O-O {[%clk 1:21:58]} 16. O-O {[%clk 1:27:06]}  Ng4 {[%clk 1:19:19]} 17. Bxg7 {[%clk 1:24:03]}  Kxg7 {[%clk 1:13:37]} 18. Ne2 {[%clk 1:18:04]}  Qd7 {[%clk 1:16:06]} 19. Ng3 {[%clk 1:18:10]}  Nf6 {[%clk 1:16:08]} 20. Nf3 {[%clk 1:16:19]}  Qe6 {[%clk 1:13:30]} 21. Ne5 {[%clk 1:11:29]}  Rh8 {[%clk 0:57:39]} 22. Qd3 {[%clk 1:10:40]}  h5 {[%clk 0:54:36]} 23. Nf3 {[%clk 1:09:26]}  Nfe4 {[%clk 0:49:35]} 24. Nd2 {[%clk 0:54:34]}  Nxd2 {[%clk 1:06:45]} 25. Qxd2 {[%clk 0:54:56]}  h4 {[%clk 1:05:19]} 26. Ne2 {[%clk 0:54:48]}  h3 {[%clk 1:05:25]} 27. g3 {[%clk 0:53:41]}  Nf5 {[%clk 0:51:51]} 28. Nc3 {[%clk 0:49:24]}  Nh4 {[%clk 0:50:09]} 29. f3 {[%clk 0:40:36]}  Ng2 {[%clk 1:01:16]} 30. e4 {[%clk 0:40:24]}  f6 {[%clk 0:57:31]} 31. Rf2 {[%clk 0:37:47]}  Rhe8 {[%clk 0:54:00]} 32. Rcf1 {[%clk 0:33:24]}  a6 {[%clk 0:53:19]} 33. Re2 {[%clk 0:30:33]}  Qd6 {[%clk 0:37:25]} 34. Nd1 {[%clk 0:13:20]}  dxe4 {[%clk 0:35:25]} 35. fxe4 {[%clk 0:08:25]}  g4 {[%clk 0:46:25]} 36. Ne3 {[%clk 0:09:28]}  Nxe3 {[%clk 0:46:46]} 37. Qxe3 {[%clk 0:09:06]}  Rcd8 {[%clk 0:41:40]} 38. e5 {[%clk 0:03:35]}  Qxd4 {[%clk 0:39:04]} 39. Qxd4 {[%clk 0:03:14]}  Rxd4 {[%clk 0:46:52]} 40. exf6+ {[%clk 0:02:40]}  Kf7 {[%clk 0:44:00]} 41. Ref2 {[%clk 0:00:38]}  Ree4 {[%clk 1:14:51]} 42. a3 {[%clk 0:27:29]}  Rd6 {[%clk 1:03:47]} 43. b4 {[%clk 0:17:31]}  Rd3 {[%clk 1:00:35]} 44. Ra2 {[%clk 0:15:12]}  Ree3 {[%clk 0:58:14]} 45. a4 {[%clk 0:14:19]}  Re5 {[%clk 1:13:46]} 46. Raf2 {[%clk 0:13:57]}  Rd4 {[%clk 1:03:57]} 47. b5 {[%clk 0:05:06]}  Rxa4 {[%clk 1:02:22]} 48. bxc6 {[%clk 0:04:09]}  bxc6 {[%clk 1:11:21]} 49. Rb2 {[%clk 0:05:12]}  Rb5 {[%clk 1:11:44]} 50. Re2 {[%clk 0:05:25]}  Rb7 {[%clk 1:12:07]} 51. Re5 {[%clk 0:04:37]}  Ra2 {[%clk 1:09:08]} 52. Rg5 {[%clk 0:04:06]}  Rg2+ {[%clk 1:12:18]} 53. Kh1 {[%clk 0:03:33]}  Rbb2 {[%clk 1:12:21]} 54. Rg7+ {[%clk 0:03:24]}  Kf8 {[%clk 1:12:38]} 55. Rd1 {[%clk 0:03:31]}  Rxh2+ {[%clk 1:13:02]} 56. Kg1 {[%clk 0:03:53]}  Rbg2+ {[%clk 1:12:39]} 0-1

[Event "Masters Tournament (MTO)"]
[Site "Biel, CH"]
[Date "2025.07.19"]
[Round "6"]
[White "Paul, Mathias"]
[Black "Hornung, Hans, Dr."]
[Result "1-0"]
[Board "45"]
[WhiteFideId "24694606"]
[BlackFideId "4615140"]
[WhiteElo "2051"]
[BlackElo "1905"]
[WhiteTeam "GER"]
[BlackTeam "GER"]
[WhiteClock "0:34:57"]
[BlackClock "0:46:04"]
[Variant "Standard"]

1. e4 {[%clk 1:40:57]}  e5 {[%clk 1:40:40]} 2. f4 {[%clk 1:41:06]}  d5 {[%clk 1:41:00]} 3. exd5 {[%clk 1:41:30]}  c6 {[%clk 1:41:19]} 4. Nc3 {[%clk 1:40:20]}  exf4 {[%clk 1:41:22]} 5. Bc4 {[%clk 1:34:03]}  Qh4+ {[%clk 1:34:47]} 6. Kf1 {[%clk 1:34:15]}  f3 {[%clk 1:30:58]} 7. d4 {[%clk 1:32:53]}  fxg2+ {[%clk 1:27:53]} 8. Kxg2 {[%clk 1:33:08]}  Bd6 {[%clk 1:24:41]} 9. Qe2+ {[%clk 1:31:04]}  Ne7 {[%clk 1:23:16]} 10. Ne4 {[%clk 1:25:55]}  Bg4 {[%clk 1:10:15]} 11. Nxd6+ {[%clk 1:21:05]}  Kd7 {[%clk 1:10:13]} 12. Qe5 {[%clk 1:09:27]}  f6 {[%clk 1:05:35]} 13. Qg3 {[%clk 1:04:14]}  Qxg3+ {[%clk 1:05:35]} 14. Kxg3 {[%clk 1:04:14]}  Kxd6 {[%clk 1:05:35]} 15. Bf4+ {[%clk 1:04:14]}  Kd7 {[%clk 1:02:20]} 16. dxc6+ {[%clk 1:04:21]}  Nbxc6 {[%clk 1:01:20]} 17. Kxg4 {[%clk 1:00:29]}  h5+ {[%clk 1:01:01]} 18. Kh3 {[%clk 0:56:35]}  g5 {[%clk 0:57:00]} 19. Be3 {[%clk 0:53:53]}  Nf5 {[%clk 0:56:45]} 20. Bf2 {[%clk 0:51:54]}  Rae8 {[%clk 0:54:03]} 21. Ne2 {[%clk 0:47:25]}  Ne3 {[%clk 0:53:23]} 22. Bxe3 {[%clk 0:46:24]}  Rxe3+ {[%clk 0:53:41]} 23. Kg2 {[%clk 0:46:46]}  Kc8 {[%clk 0:48:28]} 24. Rad1 {[%clk 0:40:27]}  f5 {[%clk 0:46:04]} 25. Kf2 {[%clk 0:34:57]} 1-0

[Event "Masters Tournament (MTO)"]
[Site "Biel, CH"]
[Date "2025.07.19"]
[Round "6"]
[White "Hoffmann, Alexander"]
[Black "Stefan, Iulia-Cristiana"]
[Result "1/2-1/2"]
[Board "46"]
[WhiteFideId "16240219"]
[BlackFideId "1273876"]
[BlackTitle "WCM"]
[WhiteElo "1872"]
[BlackElo "2017"]
[WhiteTeam "GER"]
[BlackTeam "ROU"]
[WhiteClock "0:02:01"]
[BlackClock "0:10:57"]
[Variant "Standard"]

1. c4 {[%clk 1:40:58]}  e6 {[%clk 1:40:53]} 2. g3 {[%clk 1:41:07]}  d5 {[%clk 1:41:17]} 3. Bg2 {[%clk 1:41:04]}  Nf6 {[%clk 1:41:23]} 4. Nf3 {[%clk 1:40:42]}  dxc4 {[%clk 1:41:48]} 5. Qa4+ {[%clk 1:38:52]}  c6 {[%clk 1:42:11]} 6. Qxc4 {[%clk 1:38:25]}  b5 {[%clk 1:42:35]} 7. Qc2 {[%clk 1:37:01]}  Bb7 {[%clk 1:42:57]} 8. O-O {[%clk 1:32:11]}  Nbd7 {[%clk 1:38:16]} 9. d3 {[%clk 1:22:59]}  Rc8 {[%clk 1:36:35]} 10. a3 {[%clk 1:15:39]}  a6 {[%clk 1:28:50]} 11. b4 {[%clk 1:09:52]}  c5 {[%clk 1:28:44]} 12. bxc5 {[%clk 1:07:50]}  Bxc5 {[%clk 1:29:07]} 13. Qd1 {[%clk 1:06:41]}  Nb6 {[%clk 1:23:21]} 14. Nbd2 {[%clk 0:55:30]}  Na4 {[%clk 1:16:08]} 15. Nb3 {[%clk 0:53:15]}  Be7 {[%clk 1:02:44]} 16. Bd2 {[%clk 0:50:34]}  Nd5 {[%clk 1:00:16]} 17. Ba5 {[%clk 0:45:50]}  Ndb6 {[%clk 0:57:24]} 18. Qd2 {[%clk 0:43:00]}  O-O {[%clk 0:54:48]} 19. Bb4 {[%clk 0:31:59]}  Re8 {[%clk 0:48:03]} 20. Bxe7 {[%clk 0:29:20]}  Qxe7 {[%clk 0:46:59]} 21. Nfd4 {[%clk 0:27:50]}  Bxg2 {[%clk 0:46:12]} 22. Kxg2 {[%clk 0:28:07]}  e5 {[%clk 0:45:34]} 23. Nf5 {[%clk 0:24:35]}  Qf6 {[%clk 0:38:00]} 24. e4 {[%clk 0:20:29]}  Red8 {[%clk 0:28:48]} 25. f4 {[%clk 0:18:13]}  Nc4 {[%clk 0:10:13]} 26. Qe2 {[%clk 0:16:03]}  Nc3 {[%clk 0:08:47]} 27. Qf3 {[%clk 0:15:00]}  Nb2 {[%clk 0:06:48]} 28. fxe5 {[%clk 0:13:13]}  Qxe5 {[%clk 0:07:00]} 29. d4 {[%clk 0:12:35]}  Qxe4 {[%clk 0:03:04]} 30. Qxe4 {[%clk 0:12:42]}  Nxe4 {[%clk 0:03:30]} 31. Ne7+ {[%clk 0:13:00]}  Kf8 {[%clk 0:03:55]} 32. Nxc8 {[%clk 0:13:19]}  Rxc8 {[%clk 0:03:44]} 33. Rac1 {[%clk 0:11:09]}  Nc4 {[%clk 0:03:55]} 34. Rfe1 {[%clk 0:09:47]}  Ned6 {[%clk 0:02:41]} 35. Nc5 {[%clk 0:09:18]}  Nf5 {[%clk 0:00:59]} 36. Nd7+ {[%clk 0:03:27]}  Kg8 {[%clk 0:01:24]} 37. Nb6 {[%clk 0:03:13]}  Rd8 {[%clk 0:00:56]} 38. Nxc4 {[%clk 0:03:11]}  bxc4 {[%clk 0:01:17]} 39. Rxc4 {[%clk 0:03:24]}  g6 {[%clk 0:01:35]} 40. g4 {[%clk 0:01:00]}  Nd6 {[%clk 0:00:48]} 41. Rc6 {[%clk 0:22:08]}  Nb5 {[%clk 0:28:33]} 42. Rxa6 {[%clk 0:20:16]}  Rxd4 {[%clk 0:28:58]} 43. h3 {[%clk 0:19:04]}  Rd2+ {[%clk 0:28:32]} 44. Kf3 {[%clk 0:19:17]}  Rh2 {[%clk 0:27:14]} 45. Kg3 {[%clk 0:19:04]}  Ra2 {[%clk 0:27:38]} 46. Re3 {[%clk 0:18:40]}  Nc7 {[%clk 0:26:20]} 47. Ra7 {[%clk 0:17:37]}  Nb5 {[%clk 0:25:09]} 48. Ra5 {[%clk 0:17:52]}  Nd4 {[%clk 0:25:29]} 49. Ra8+ {[%clk 0:12:31]}  Kg7 {[%clk 0:25:37]} 50. a4 {[%clk 0:12:07]}  h5 {[%clk 0:24:57]} 51. Rd3 {[%clk 0:10:16]}  Ne2+ {[%clk 0:23:36]} 52. Kf3 {[%clk 0:10:01]}  hxg4+ {[%clk 0:23:18]} 53. Kxg4 {[%clk 0:08:59]}  Kh6 {[%clk 0:19:32]} 54. Kf3 {[%clk 0:07:29]}  Kg5 {[%clk 0:16:51]} 55. Ke4 {[%clk 0:05:02]}  f5+ {[%clk 0:15:32]} 56. Ke5 {[%clk 0:04:30]}  f4 {[%clk 0:14:36]} 57. Ke4 {[%clk 0:04:05]}  Ng3+ {[%clk 0:12:57]} 58. Kf3 {[%clk 0:03:50]}  Nf5 {[%clk 0:11:34]} 59. Ra5 {[%clk 0:02:25]}  Rh2 {[%clk 0:10:04]} 60. Ke4 {[%clk 0:02:23]}  Re2+ {[%clk 0:10:20]} 61. Kf3 {[%clk 0:02:17]}  Rh2 {[%clk 0:10:33]} 62. Ke4 {[%clk 0:02:00]}  Re2+ {[%clk 0:10:57]} 63. Kf3 {[%clk 0:02:01]} 1/2-1/2

[Event "Masters Tournament (MTO)"]
[Site "Biel, CH"]
[Date "2025.07.19"]
[Round "6"]
[White "Arulanantham, Aneet"]
[Black "Kumbharathi, Vedansh"]
[Result "0-1"]
[Board "47"]
[WhiteFideId "1335189"]
[BlackFideId "30998395"]
[WhiteElo "1985"]
[BlackElo "1931"]
[WhiteTeam "SUI"]
[BlackTeam "USA"]
[WhiteClock "1:01:30"]
[BlackClock "1:04:15"]
[Variant "Standard"]

1. e4 {[%clk 1:40:57]}  c5 {[%clk 1:40:41]} 2. Nf3 {[%clk 1:41:18]}  d6 {[%clk 1:41:00]} 3. d4 {[%clk 1:41:40]}  cxd4 {[%clk 1:41:20]} 4. Nxd4 {[%clk 1:42:03]}  Nf6 {[%clk 1:41:42]} 5. Nc3 {[%clk 1:42:25]}  a6 {[%clk 1:42:09]} 6. Bg5 {[%clk 1:42:23]}  Nbd7 {[%clk 1:42:04]} 7. f4 {[%clk 1:42:38]}  Qc7 {[%clk 1:40:56]} 8. Qf3 {[%clk 1:42:40]}  h6 {[%clk 1:35:24]} 9. Bxf6 {[%clk 1:43:04]}  Nxf6 {[%clk 1:35:56]} 10. f5 {[%clk 1:42:24]}  b5 {[%clk 1:22:08]} 11. O-O-O {[%clk 1:30:49]}  g5 {[%clk 1:15:04]} 12. Bd3 {[%clk 1:10:40]}  Bb7 {[%clk 1:13:28]} 13. Nd5 {[%clk 1:09:13]}  Nxd5 {[%clk 1:12:08]} 14. exd5 {[%clk 1:09:36]}  Bg7 {[%clk 1:09:52]} 15. Be4 {[%clk 1:04:41]}  Qc4 {[%clk 1:04:51]} 16. Qb3 {[%clk 1:01:30]}  Bxd4 {[%clk 1:04:15]} 0-1